සමාජ අධ්‍යයනය පිළිබඳ පදනම් පාඨමාලාව.

Samaja adyanaya pilibanda padanam patamaalava
Saved in:
Bibliographic Details
Format: Book
Published: නාවල : ශ්‍රි ලංකා විවෘත විශ්ව විද්‍යාලය, 1992.
Tags: Add Tag
No Tags, Be the first to tag this record!

MARC

LEADER 00000nam a22000007a 4500
003 LK-CoNLD
005 20260326143847.0
008 260326b |||||||| |||| 00| 0 ||| d
015 |2 slnb 
017 |a 244290  |b LK-CoDNA 
040 |a LK-CoNLD  |b SIN  |c LK-CoNLD  |d LK-CoNLD 
082 |2 23  |q LK-CoNLD 
245 |a සමාජ අධ්‍යයනය පිළිබඳ පදනම් පාඨමාලාව. 
260 |a නාවල :  |b ශ්‍රි ලංකා විවෘත විශ්ව විද්‍යාලය,  |c 1992. 
300 |a පි. 98 ;  |c සෙමි. 28.  |b කබැ-කක : රු.254.80 
500 |a මිල තීරණය කිරිමේ මාර්ගෝපදේශයට අනුව සකසන ලද මිල රු.254.80 වේ. 
880 |6 245-1  |a Samaja adyanaya pilibanda padanam patamaalava 
942 |c BOOK 
999 |c 298535  |d 298535 
945 |a 21990  |b Sachini DHANANJANI  |c 21990  |d Sachini DHANANJANI